THEORY AND PROBLEMS OF STRUCTURAL ANALYSIS WITH AN INTRODUCTION TO TRANSPORT FLEXIBILITY AND STIFFNESS MATRICES AND THEIR APPLICATION (Record no. 582629)

000 -LEADER
fixed length control field 00382nam a22001217a 4500
020 ## - INTERNATIONAL STANDARD BOOK NUMBER
International Standard Book Number 07-065422-0
082 ## - DEWEY DECIMAL CLASSIFICATION NUMBER
Classification number 624.171 TUM'T
100 ## - MAIN ENTRY--PERSONAL NAME
Personal name TUMA, JAN J
9 (RLIN) 3085
245 ## - TITLE STATEMENT
Title THEORY AND PROBLEMS OF STRUCTURAL ANALYSIS WITH AN INTRODUCTION TO TRANSPORT FLEXIBILITY AND STIFFNESS MATRICES AND THEIR APPLICATION
260 ## - PUBLICATION, DISTRIBUTION, ETC.
Place of publication, distribution, etc. NEWYORK
Name of publisher, distributor, etc. MCGRAW HILL
Date of publication, distribution, etc. 1969
300 ## - PHYSICAL DESCRIPTION
Extent 292P
942 ## - ADDED ENTRY ELEMENTS (KOHA)
Koha item type Book
Holdings
Withdrawn status Lost status Damaged status Not for loan Permanent Location Current Location Shelving location Date acquired Total Checkouts Full call number Barcode Date last seen Price effective from Koha item type
        College of Electrical & Mechanical Engineering (CEME) College of Electrical & Mechanical Engineering (CEME) General Stacks 06/07/2017   624.171 TUM'T CEME-9780 06/28/2021 06/28/2021 Book
© 2023 Central Library, National University of Sciences and Technology. All Rights Reserved.